000 00533nam a2200193 a 4500
001 1773224833206
003 YourLibrary
005 20260311160324.0
008 260311s2008##################000#0#eng##
020 _a9780763755669
082 0 4 _a362.14
_bGIN
100 1 _aGingerich, Barbara Stover,
_eauthor.
245 1 0 _aPocket Guide for the Home Care Aide :
260 _bJones & Bartlett Learning,
_c2008.
300 _a294 pages
650 0 _aHealth & Fitness.
942 _cENGLISH
040 _aYourLibrary
_beng
_cYourLibrary
999 _c617598
_d617598